Miasta w Europie według podpowiedzi - Statystyki

Ogólne statystyki
  • Ten quiz został rozwiązany 22 razy
  • Średni wynik to 14 z 22
Statystyki odpowiedzi
Wskazówka Miasto % Poprawnych
BMW, Browar Państwowy, Terroryzm olimpijski Monachium
89%
Kreml, Plac Czerwony, Sobór Wasyla Błogosławionego Moskwa
89%
Wieża Eiffla, Bastylia, Pola Elizejskie Paryż
89%
Akropol, Klasztor Dafni Ateny
84%
Unia Europejska, Parc du Cinquantenaire Bruksela
84%
Anne Frank's House, Dzielnica czerwonych latarni Amsterdam
79%
El Prat, Sagrada Família, Plac Królewski Barcelona
79%
Najstarsze metro na świecie, Tamiza, Plac Trafalgarski Londyn
79%
Leningrad, Ermitaż, Plac Pałacowy Petersburg
79%
Liffey, O'Connell Bridge, Guinness Dublin
68%
Synagoga Staronowa, Franz Kafka, Most Karola Praga
68%
Guggenheim, Kraj Basków, Semana Grande Bilbao
63%
Tydzień mody, Piazza del Duomo, Lombardia Mediolan
63%
Plac świętego Marka, Gondole, Marco Polo Wenecja
63%
Pałac Belém, Vasco da Gama, Trzęsienie ziemi z 1755 Lizbona
53%
Rudas gyógyfürdő, Most Łańcuchowy, Wyspa Małgorzaty Budapeszt
47%
Bjørvika, Pokojowa Nagroda Nobla Oslo
47%
Riwiera, Île Sainte-Marguerite, Festiwal filmowy Cannes
42%
Zimowe Igrzyska, Całun, Pad Turyn
42%
Commerzbank Tower, Men, Europejski Bank Centralny Frankfurt
37%
Titanic, Albert Clock, The Troubles Belfast
16%
Miasto otoczone murem, Minčeta Tower, Stradun Dubrownik
11%
Nie znaleziono quizów pasujących do podanych kryteriów
Rozkład punktacji
Procent ludzi z każdym wynikiem
Percentyl według liczby udzielonych odpowiedzi
Twoja historia wyników
Nie rozwiązałeś tego quizu